[Event "European Blitz 2017"]
[Site "Katowice POL"]
[Date "2017.12.15"]
[Round "7.8"]
[White "Kuzmicz, Krystian"]
[Black "Pavlidis, Antonios"]
[Result "1-0"]
[WhiteTitle "IM"]
[BlackTitle "GM"]
[WhiteElo "2460"]
[BlackElo "2539"]
[WhiteFideId "1119125"]
[BlackFideId "4212312"]
[EventDate "2017.12.15"]
[EventType "blitz"]

1. e4 c5 2. d3 Nc6 3. g3 e6 4. Bg2 Bd6 5. f4 Bc7 6. Nf3 Nge7 7. O-O O-O 8. c3 d5
9. Be3 b6 10. Bf2 Ba6 11. e5 f6 12. exf6 Rxf6 13. Re1 Qd7 14. d4 c4 15. Nbd2
Raf8 16. Nf1 Nf5 17. Ne3 Nd6 18. Ng4 Rf5 19. Nge5 Nxe5 20. dxe5 Nb7 21. Nd4 R5f7
22. Bh3 Nc5 23. b4 cxb3 24. axb3 g5 25. b4 gxf4 26. bxc5 fxg3 27. Bxg3 Kh8 28.
Rxa6 bxc5 29. Bxe6 Qe7 30. Bxf7 cxd4 31. Qxd4 Rxf7 32. Rxa7 Qe6 33. Rb7 Kg8 34.
Qc5 Bd8 35. Rxf7 Bb6 36. Qxb6 Qxb6+ 37. Rf2 Qc5 38. e6 Qxc3 39. Rfe2 Qc5+ 40.
Kg2 Qe7 41. Rf1 d4 42. Rf7 Qe8 43. Rf3 Qe7 44. Re4 Qb7 45. Rg4+ Kh8 46. e7 Qxe7
47. Be5+ Qxe5 48. Rf8# 1-0

[Event "European Blitz 2017"]
[Site "Katowice POL"]
[Date "2017.12.15"]
[Round "7.9"]
[White "Saric, Ante"]
[Black "Kazakovskiy, Valeriy"]
[Result "1-0"]
[WhiteTitle "GM"]
[BlackTitle "IM"]
[WhiteElo "2540"]
[BlackElo "2422"]
[WhiteFideId "14506254"]
[BlackFideId "13507443"]
[EventDate "2017.12.15"]
[EventType "blitz"]

1. Nf3 Nf6 2. g3 e6 3. Bg2 d5 4. O-O Be7 5. c4 dxc4 6. Qa4+ c6 7. Qxc4 b5 8. Qc2
Bb7 9. d4 O-O 10. Rd1 Nbd7 11. Ne5 Nxe5 12. dxe5 Nd7 13. Nc3 a6 14. Ne4 Qc7 15.
Bf4 Nb6 16. Nd6 Bxd6 17. exd6 Qd7 18. e4 f6 19. Be3 c5 20. Bxc5 Rac8 21. Rac1
Nc4 22. b4 f5 23. Qe2 Rce8 24. Rxc4 bxc4 25. Qxc4 fxe4 26. Bxe4 Bxe4 27. Qxe4
Rf5 28. Re1 Rd5 29. h4 a5 30. a3 axb4 31. axb4 Qf7 32. Kg2 Qd7 33. Re3 Rf5 34.
Ra3 Rd5 35. Ra7 Qb5 36. Qg4 g6 37. Qf3 Rf5 38. Qb7 Qxb7+ 39. Rxb7 Rf7 40. Rxf7
Kxf7 41. Bb6 1-0

[Event "European Blitz 2017"]
[Site "Katowice POL"]
[Date "2017.12.15"]
[Round "7.10"]
[White "Arnaudov, G. Petar"]
[Black "Rodshtein, Maxim"]
[Result "1/2-1/2"]
[WhiteTitle "GM"]
[BlackTitle "GM"]
[WhiteElo "2439"]
[BlackElo "2699"]
[WhiteFideId "2907127"]
[BlackFideId "2806851"]
[EventDate "2017.12.15"]
[EventType "blitz"]

1. Nf3 d5 2. c4 d4 3. e3 Nc6 4. b4 dxe3 5. fxe3 e5 6. b5 Nb4 7. a3 Nd3+ 8. Bxd3
Qxd3 9. Nxe5 Qe4 10. d4 Qh4+ 11. g3 Qh3 12. Qf3 Nf6 13. Nc3 Bd6 14. Nd3 Bg4 15.
Qf2 c6 16. bxc6 O-O 17. c5 Bc7 18. cxb7 Rae8 19. Nf4 Bxf4 20. gxf4 Bf3 21. Rg1
Bxb7 22. Qg3 Qxg3+ 23. Rxg3 Nh5 24. Rg5 Nxf4 25. Kd2 Ne6 26. Rg3 f5 27. Ne2 f4
28. Nxf4 Nxf4 29. exf4 Rxf4 30. Kc3 Rf2 31. Be3 Rxh2 32. Bf4 Rf2 33. Be5 g6 34.
Rb1 Be4 35. Rb8 Rxb8 36. Bxb8 Kf7 37. Bxa7 h5 38. Re3 Bc6 39. Re5 Rf3+ 40. Kc4
Rxa3 41. Bb8 Ra4+ 42. Kc3 Ra8 43. Bd6 Ra3+ 44. Kc4 Ra4+ 45. Kc3 Ra3+ 46. Kc4 1/2-1/2

[Event "European Blitz 2017"]
[Site "Katowice POL"]
[Date "2017.12.15"]
[Round "7.11"]
[White "Ponkratov, Pavel"]
[Black "Pulpan, Jakub"]
[Result "0-1"]
[WhiteTitle "GM"]
[BlackTitle "IM"]
[WhiteElo "2613"]
[BlackElo "2400"]
[WhiteFideId "4157800"]
[BlackFideId "302759"]
[EventDate "2017.12.15"]
[EventType "blitz"]

1. b3 d5 2. Bb2 Bg4 3. f3 Bf5 4. e3 e6 5. Ne2 Nf6 6. d4 Bd6 7. c4 c6 8. Nbc3 Na6
9. a3 Qb8 10. g4 Bg6 11. h4 h6 12. Bg2 b5 13. c5 Bc7 14. Kf2 b4 15. Na4 e5 16.
g5 Nh5 17. dxe5 Bxe5 18. Bxe5 Qxe5 19. Qd4 Qe7 20. axb4 Rb8 21. Nb6 Nxb4 22.
Qxb4 axb6 23. Ra6 hxg5 24. hxg5 O-O 25. Rxb6 Rxb6 26. Qxb6 Re8 27. e4 dxe4 28.
Qxc6 e3+ 29. Kg1 Rd8 30. Rh4 Qe5 31. f4 Qa1+ 32. Kh2 Qe1 33. Rxh5 Bxh5 34. Ng3
e2 35. Nxh5 Qh4+ 36. Bh3 e1=Q 37. Qf3 Rd2+ 0-1

[Event "European Blitz 2017"]
[Site "Katowice POL"]
[Date "2017.12.15"]
[Round "7.12"]
[White "Skliarov, Viktor"]
[Black "Michalik, Peter"]
[Result "0-1"]
[WhiteTitle "IM"]
[BlackTitle "GM"]
[WhiteElo "2353"]
[BlackElo "2557"]
[WhiteFideId "14106736"]
[BlackFideId "14907526"]
[EventDate "2017.12.15"]
[EventType "blitz"]

1. e4 c6 2. d4 d5 3. e5 Bf5 4. Nf3 e6 5. Be2 Nd7 6. O-O Bg6 7. Nbd2 Nh6 8. a4 a5
9. Nb3 Be7 10. Bd2 O-O 11. c4 dxc4 12. Bxc4 Nf5 13. Qe1 b6 14. Rc1 Nb8 15. Bc3
Na6 16. Nbd2 Nb4 17. Ne4 Qd7 18. Qe2 Bh5 19. Ned2 Nd5 20. Qe4 Bg6 21. Qe1 b5 22.
axb5 cxb5 23. Bxd5 Qxd5 24. b3 a4 25. bxa4 bxa4 26. Ba1 Ba3 27. Rc7 Qa5 28. Rb7
Qa6 29. Rc7 Ne7 30. Nc4 Nd5 31. Nxa3 Nxc7 32. Qe3 Nd5 33. Qg5 Qd3 34. Nb1 a3 35.
Nbd2 a2 36. h4 h5 37. Re1 Rab8 0-1

[Event "European Blitz 2017"]
[Site "Katowice POL"]
[Date "2017.12.15"]
[Round "7.13"]
[White "Stocek, Jiri"]
[Black "Moranda, Wojciech"]
[Result "1/2-1/2"]
[WhiteTitle "GM"]
[BlackTitle "GM"]
[WhiteElo "2566"]
[BlackElo "2593"]
[WhiteFideId "304760"]
[BlackFideId "1122401"]
[EventDate "2017.12.15"]
[EventType "blitz"]

1. d4 Nf6 2. Nf3 e6 3. Bf4 b6 4. e3 Bb7 5. Bd3 Be7 6. h3 c5 7. O-O cxd4 8. exd4
d6 9. Re1 O-O 10. c4 Nbd7 11. Nc3 Re8 12. b4 a6 13. a3 Rc8 14. Rc1 Nf8 15. Bh2
Ng6 16. Ng5 Bf8 17. Bg3 Rc7 18. h4 Ne7 19. h5 h6 20. Nge4 Nxe4 21. Bxe4 Bxe4 22.
Nxe4 Nf5 23. d5 e5 24. Qg4 Nd4 25. Bh4 Be7 26. Bxe7 Qxe7 27. c5 f5 28. Qg6 bxc5
29. bxc5 Ne2+ 30. Rxe2 fxe4 31. c6 Rf8 32. Rxe4 Rf6 33. Qg3 Qf7 34. Rh4 Qxd5 35.
Rg4 Rff7 36. Qc3 Qe6 37. Rg6 Qf5 38. Qd2 d5 39. Rd6 d4 40. Re1 Qxh5 41. Qd3 Qf5
42. Qe2 Kh7 43. f3 Rf6 44. Rxf6 Qxf6 45. Qe4+ Qg6 46. Rc1 Qxe4 47. fxe4 Kg6 48.
Kf2 Kf6 49. Kf3 Ke6 50. Kg4 Kd6 51. Kf5 Rxc6 52. Rb1 d3 53. Rb3 d2 54. Rd3+ Ke7
55. Rxd2 Rc5 56. Rb2 Kf7 57. Rb7+ Kg8 58. Kg6 Rc6+ 59. Kf5 Rc3 60. g4 a5 61. Kg6
Rc6+ 62. Kf5 Rc3 63. Kg6 Rc6+ 64. Kf5 1/2-1/2

[Event "European Blitz 2017"]
[Site "Katowice POL"]
[Date "2017.12.15"]
[Round "7.14"]
[White "Luch, Michal"]
[Black "Demidov, Mikhail"]
[Result "0-1"]
[WhiteTitle "IM"]
[BlackTitle "IM"]
[WhiteElo "2398"]
[BlackElo "2523"]
[WhiteFideId "1120042"]
[BlackFideId "4197143"]
[EventDate "2017.12.15"]
[EventType "blitz"]

1. d4 d5 2. c4 c6 3. Nf3 Nf6 4. Qc2 dxc4 5. Qxc4 Qd5 6. Qxd5 cxd5 7. Nc3 Bd7 8.
Bf4 e6 9. e3 Bb4 10. Rc1 Ne4 11. Bd3 Nc6 12. Ke2 f5 13. Nb5 O-O 14. Ne5 Nxe5 15.
Bxe5 a6 16. Na3 Rfc8 17. Nc2 Be7 18. f3 Nd6 19. b3 Nf7 20. Bg3 Rc6 21. Be1 Rac8
22. Bd2 g6 23. Na1 Bd6 24. f4 Ba3 25. Rxc6 Rxc6 26. Nc2 Be7 27. Nb4 Rc8 28. Nc2
Nd6 29. Bb4 Kf7 30. Bxd6 Bxd6 31. Kd2 h6 32. h4 Kf6 33. g3 Rg8 34. Ke2 a5 35. a4
Rc8 36. Rc1 Rc3 37. Rb1 b6 38. Kd2 Rc8 39. Rh1 Rg8 40. Ke2 Kg7 41. Rc1 Rc8 42.
Kd2 Be7 43. Ne1 Bb4+ 0-1

[Event "European Blitz 2017"]
[Site "Katowice POL"]
[Date "2017.12.15"]
[Round "7.15"]
[White "Kanarek, Marcel"]
[Black "Alekseev, Evgeny"]
[Result "0-1"]
[WhiteTitle "GM"]
[BlackTitle "GM"]
[WhiteElo "2505"]
[BlackElo "2616"]
[WhiteFideId "1126822"]
[BlackFideId "4138147"]
[EventDate "2017.12.15"]
[EventType "blitz"]

1. e4 c5 2. Nf3 Nc6 3. d4 cxd4 4. Nxd4 e6 5. Nc3 a6 6. Be2 d6 7. Be3 Nf6 8. O-O
Be7 9. f4 O-O 10. Kh1 Qc7 11. Qe1 Nxd4 12. Bxd4 b5 13. a3 Nd7 14. Qg3 Bf6 15.
Bxf6 Nxf6 16. Bd3 Bb7 17. Rae1 Rad8 18. Re3 Nd7 19. Qh4 Rfe8 20. Rg3 Nf8 21. f5
exf5 22. exf5 Re5 23. Qg5 f6 24. Qxf6 Rde8 25. Qg5 Re1 26. Qd2 Rxf1+ 27. Bxf1
Qe7 28. h3 Qe5 29. Rg4 Nd7 30. Bd3 Nf6 31. Rg5 Kf8 32. Qf2 Bc6 33. Qg3 Qe7 34.
Ne2 Bd7 35. Nd4 Qe5 36. Qxe5 dxe5 37. Nb3 e4 38. Be2 e3 39. Nc5 Bc8 40. Kg1 Re5
41. Nd3 Re7 42. Rg3 Bxf5 43. Rf3 Bg6 44. Rf4 Be4 45. g4 Ke8 46. g5 Nd5 47. Rh4
Kd8 48. Kh2 Kc7 49. Kg3 Kb6 50. Nf4 Nxf4 51. Kxf4 Kc6 52. Rg4 Bxc2 53. Rg3 Kc5
54. Kf3 Re4 55. g6 Kd4 56. Rg1 h6 57. Rg4 0-1

[Event "European Blitz 2017"]
[Site "Katowice POL"]
[Date "2017.12.15"]
[Round "7.16"]
[White "Zwardon, Vojtech"]
[Black "Berchtenbreiter, Maximilian"]
[Result "1-0"]
[WhiteTitle "IM"]
[BlackTitle "IM"]
[WhiteElo "2408"]
[BlackElo "2387"]
[WhiteFideId "325511"]
[BlackFideId "24641120"]
[EventDate "2017.12.15"]
[EventType "blitz"]

1. c4 Nf6 2. g3 c6 3. Bg2 e5 4. Nf3 e4 5. Nd4 d5 6. Nc3 Bc5 7. Nb3 Be7 8. cxd5
cxd5 9. d3 exd3 10. Qxd3 Be6 11. O-O h6 12. Rd1 Nc6 13. Nxd5 Nxd5 14. Bxd5 Nb4
15. Qb5+ Bd7 16. Bxf7+ Kxf7 17. Rxd7 Qb6 18. Qxb6 axb6 19. Bd2 Nc6 20. Rxb7 Ra6
21. Rc1 Rb8 22. Rxb8 Nxb8 23. a3 Ra7 24. Be3 Rb7 25. Nd2 b5 26. Nf3 Nd7 27. Bd4
Nf8 28. Ne5+ Ke6 29. e4 Bd6 30. Rc6 b4 31. Nc4 bxa3 32. Rxd6+ Ke7 33. bxa3 Ne6
34. e5 Ng5 35. Rg6 Nf3+ 36. Kg2 Ne1+ 37. Kf1 Rb1 38. Rb6 Rd1 39. Bc5+ Kf7 40.
e6+ Kg6 41. e7+ Kf7 42. Ne5+ 1-0

[Event "European Blitz 2017"]
[Site "Katowice POL"]
[Date "2017.12.15"]
[Round "7.17"]
[White "Miezis, Normunds"]
[Black "Bosiocic, Marin"]
[Result "0-1"]
[WhiteTitle "GM"]
[BlackTitle "GM"]
[WhiteElo "2434"]
[BlackElo "2624"]
[WhiteFideId "11600136"]
[BlackFideId "14507927"]
[EventDate "2017.12.15"]
[EventType "blitz"]

1. c4 e6 2. e4 c5 3. Nc3 Nc6 4. g3 Nge7 5. Bg2 Nd4 6. Nge2 Nec6 7. d3 Be7 8. O-O
O-O 9. Rb1 Rb8 10. a3 a6 11. Nxd4 cxd4 12. Ne2 b5 13. cxb5 axb5 14. Bf4 e5 15.
Bd2 b4 16. Qa4 Qb6 17. axb4 Bxb4 18. Bxb4 Qxb4 19. Qa2 Qb6 20. Qd5 Re8 21. f4
Nb4 22. Qb3 d6 23. fxe5 Be6 24. Qd1 dxe5 25. Qd2 f6 26. Ra1 Rec8 27. Rfc1 Qb5
28. Bf1 Bf7 29. Rxc8+ Rxc8 30. Nc1 Nc2 31. Bh3 Nxa1 32. Bxc8 Qc5 33. Bg4 Qc2 34.
Qxc2 Nxc2 35. Bd1 Nb4 36. Kf2 g6 37. Ke1 f5 38. Kd2 Kg7 39. Bb3 fxe4 40. dxe4
Be8 41. Nd3 Nxd3 42. Kxd3 Kf6 43. Bg8 h6 44. b4 Ke7 45. Bc4 Kd6 46. Kd2 g5 47.
Kd3 Kc7 48. Kd2 Kb6 49. Kc2 Bb5 50. Be6 Bc6 51. Bd5 Ba4+ 52. Kb2 Kb5 53. Ka3 d3
54. Bf7 Bc2 55. Be8+ Kc4 56. Bf7+ Kc3 57. b5 d2 58. Bh5 Bxe4 59. Ka4 Bc2+ 60.
Ka5 d1=Q 61. Bxd1 Bxd1 62. b6 Bf3 63. Kb5 Bb7 64. Kc5 e4 0-1

[Event "European Blitz 2017"]
[Site "Katowice POL"]
[Date "2017.12.15"]
[Round "7.18"]
[White "Kovalev, Denis"]
[Black "Kreisl, Robert"]
[Result "1-0"]
[WhiteTitle "IM"]
[BlackTitle "IM"]
[WhiteElo "2504"]
[BlackElo "2440"]
[WhiteFideId "14104059"]
[BlackFideId "1613880"]
[EventDate "2017.12.15"]
[EventType "blitz"]

1. Nf3 g6 2. g3 Bg7 3. Bg2 d5 4. O-O e5 5. c4 dxc4 6. Qa4+ Nc6 7. Qxc4 Nge7 8.
d3 O-O 9. Be3 Be6 10. Qa4 Nd5 11. Bc5 Re8 12. Nc3 Nb6 13. Qh4 Bf6 14. Qh6 Bg7
15. Qg5 Nd4 16. Qxd8 Raxd8 17. Nxd4 exd4 18. Nb5 Na4 19. Ba3 c6 20. Nc7 Rd7 21.
Nxe8 1-0

[Event "European Blitz 2017"]
[Site "Katowice POL"]
[Date "2017.12.15"]
[Round "7.19"]
[White "Kantans, Toms"]
[Black "Moskalenko, Alexander"]
[Result "0-1"]
[WhiteTitle "GM"]
[BlackTitle "IM"]
[WhiteElo "2484"]
[BlackElo "2522"]
[WhiteFideId "11602945"]
[BlackFideId "4155351"]
[EventDate "2017.12.15"]
[EventType "blitz"]

1. e4 d6 2. d4 Nf6 3. Nc3 e5 4. Nf3 Nbd7 5. Bc4 Be7 6. O-O O-O 7. Re1 a6 8. a4
b6 9. h3 Bb7 10. Ba2 c6 11. Be3 b5 12. axb5 axb5 13. b4 Re8 14. Bb3 Bf8 15. Qd3
Rxa1 16. Rxa1 h6 17. dxe5 dxe5 18. Ne2 c5 19. Qxb5 Bxe4 20. Nd2 Bd5 21. bxc5 Qc8
22. Bxd5 Nxd5 23. c6 N7f6 24. Nc4 Re6 25. Ra6 Nc7 0-1

[Event "European Blitz 2017"]
[Site "Katowice POL"]
[Date "2017.12.15"]
[Round "7.20"]
[White "Kovalev, Vladislav"]
[Black "Lubczynski, Rafal"]
[Result "1-0"]
[WhiteTitle "GM"]
[BlackTitle "IM"]
[WhiteElo "2639"]
[BlackElo "2429"]
[WhiteFideId "13504398"]
[BlackFideId "1126091"]
[EventDate "2017.12.15"]
[EventType "blitz"]

1. e4 d6 2. d4 Nf6 3. Nc3 e5 4. Nf3 Nbd7 5. Bc4 Be7 6. O-O O-O 7. a4 a5 8. Re1
c6 9. h3 h6 10. b3 Qc7 11. Bb2 Rd8 12. Bd3 Nf8 13. Ne2 Ng6 14. Ng3 Nh7 15. Nf5
Bf6 16. dxe5 dxe5 17. g3 Ng5 18. Nxg5 Bxg5 19. h4 Bf6 20. Qg4 Kh7 21. Bc4 Nf8
22. Qh5 Be6 23. Bd3 Nd7 24. Ba3 Bxf5 25. Qxf5+ g6 26. Qf3 Kg7 27. h5 Qb6 28.
Rad1 Nc5 29. hxg6 fxg6 30. Bc4 Rxd1 31. Rxd1 Rf8 32. Qe3 Be7 33. Kg2 h5 34. f3
Qa7 35. Rd7 Nxd7 36. Qxa7 Bxa3 37. Qxb7 Rd8 38. Be6 1-0

[Event "European Blitz 2017"]
[Site "Katowice POL"]
[Date "2017.12.15"]
[Round "7.21"]
[White "Bartel, Michal"]
[Black "Tari, Aryan"]
[Result "0-1"]
[WhiteTitle "FM"]
[BlackTitle "GM"]
[WhiteElo "2360"]
[BlackElo "2593"]
[WhiteFideId "1119257"]
[BlackFideId "1510045"]
[EventDate "2017.12.15"]
[EventType "blitz"]

1. e4 c6 2. d4 d5 3. e5 Bf5 4. Nf3 e6 5. Be2 Ne7 6. O-O c5 7. c4 Nbc6 8. dxc5 d4
9. Bd3 Bxd3 10. Qxd3 Ng6 11. Re1 Bxc5 12. a3 a5 13. Nbd2 O-O 14. b3 Qc7 15. Qe4
Rfd8 16. h4 h6 17. h5 Nge7 18. Qg4 Nf5 19. Ne4 Bf8 20. Bf4 Kh8 21. c5 Rd5 22.
Rac1 d3 23. Red1 Ncd4 24. Nxd4 Rxd4 25. Nd6 Bxd6 26. exd6 Qc6 27. Rc4 Qe4 28.
Rxd4 Nxd4 29. Kh1 e5 30. Rxd3 Qxd3 31. Bxe5 Ne6 32. b4 axb4 33. axb4 Ra2 34. Qh4
Qf1+ 35. Kh2 Rxf2 36. Qe4 0-1

[Event "European Blitz 2017"]
[Site "Katowice POL"]
[Date "2017.12.15"]
[Round "7.22"]
[White "Costachi, Mihnea"]
[Black "Manik, Mikulas"]
[Result "0-1"]
[WhiteTitle "IM"]
[BlackTitle "GM"]
[WhiteElo "2441"]
[BlackElo "2415"]
[WhiteFideId "1217518"]
[BlackFideId "14900734"]
[EventDate "2017.12.15"]
[EventType "blitz"]

1. d4 Nf6 2. c4 g6 3. Nc3 Bg7 4. e4 d6 5. Be2 O-O 6. Bg5 Na6 7. Qd2 e5 8. d5 Nc5
9. f3 a5 10. g4 h6 11. Be3 h5 12. h3 a4 13. O-O-O Bd7 14. Kb1 Ra6 15. Bd3 Rb6
16. Nge2 Qa8 17. Nb5 Bxb5 18. cxb5 a3 19. b4 Nxd3 20. Qxd3 Qa4 21. Bxb6 cxb6 22.
Qb3 Qxb5 23. Nc3 Qa6 24. g5 Nd7 25. Rh2 b5 26. Rc2 Nb6 27. Rdc1 f6 28. gxf6 Rxf6
29. Ne2 Bh6 30. Rc8+ Nxc8 31. Rxc8+ Kg7 32. Qc2 Qa4 33. Qxa4 bxa4 34. Rc7+ Rf7
35. Rxf7+ Kxf7 36. Kc2 Kf6 37. Nc3 Kg5 38. Kd3 Kf4 39. Ke2 Kg3 40. Nxa4 Kxh3 41.
Kf2 Bd2 42. b5 Ba5 43. f4 exf4 44. Kf3 g5 45. e5 g4+ 46. Kxf4 dxe5+ 47. Ke3 g3
48. d6 g2 49. Kf2 Kh2 0-1

[Event "European Blitz 2017"]
[Site "Katowice POL"]
[Date "2017.12.15"]
[Round "7.23"]
[White "Janaszak, Dawid"]
[Black "Meskovs, Nikita"]
[Result "1/2-1/2"]
[WhiteTitle "FM"]
[BlackTitle "GM"]
[WhiteElo "2372"]
[BlackElo "2538"]
[WhiteFideId "1119206"]
[BlackFideId "11602740"]
[EventDate "2017.12.15"]
[EventType "blitz"]

1. d4 Nf6 2. Nc3 d5 3. Bf4 a6 4. e3 e6 5. Nf3 c5 6. dxc5 Bxc5 7. Bd3 Nc6 8. a3
O-O 9. Qe2 d4 10. exd4 Nxd4 11. Nxd4 Bxd4 12. O-O Qa5 13. Bd2 Qe5 14. Qf3 Qc7
15. Rad1 Bd7 16. Bg5 h6 17. Bh4 Bc6 18. Qe2 Rfd8 19. Rd2 Qb6 20. Nd1 Rd5 21. c3
Re5 22. Ne3 Bxe3 23. fxe3 Qxe3+ 24. Qxe3 Rxe3 25. Bxf6 gxf6 26. Rxf6 Kg7 27.
Rff2 Rd8 28. Bf1 Rd5 29. Rxd5 Bxd5 30. Rd2 f5 31. Kf2 Re4 32. g3 Kf6 33. Bg2 Re5
34. Bxd5 exd5 35. Rd4 h5 36. Rb4 Re7 37. Rb6+ Ke5 38. Rh6 d4 39. cxd4+ Kxd4 40.
Rxh5 Ke5 41. Rh4 Rc7 42. Rb4 Rc2+ 43. Kf3 b5 44. h4 Rh2 45. Ke3 Rg2 46. Kf3 Rh2
47. b3 Rb2 48. Ke3 Rg2 49. Kf3 Rb2 50. h5 Kf6 51. Kf4 Rf2+ 52. Ke3 Rb2 53. Kf4
Rf2+ 54. Ke3 Rb2 55. Kf4 Rf2+ 56. Ke3 Rb2 57. Kf4 Rf2+ 1/2-1/2

[Event "European Blitz 2017"]
[Site "Katowice POL"]
[Date "2017.12.15"]
[Round "7.24"]
[White "Wiewiora, Eneasz"]
[Black "Warakomski, Tomasz"]
[Result "0-1"]
[WhiteTitle "FM"]
[BlackTitle "GM"]
[WhiteElo "2320"]
[BlackElo "2537"]
[WhiteFideId "1140396"]
[BlackFideId "1124552"]
[EventDate "2017.12.15"]
[EventType "blitz"]

1. e4 c5 2. c3 d5 3. exd5 Qxd5 4. d4 Nc6 5. Nf3 Bf5 6. Be2 cxd4 7. cxd4 Bxb1 8.
Rxb1 e6 9. O-O Nf6 10. Qa4 Be7 11. Be3 O-O 12. h3 a6 13. Rbc1 Rfd8 14. Rfd1 Rac8
15. a3 Qd6 16. Qb3 Qb8 17. Bg5 h6 18. Bh4 Nd5 19. Bg3 Qa7 20. Qd3 Bf6 21. Qe4
Nxd4 22. Nxd4 Rxc1 23. Rxc1 Qxd4 24. Qxd4 Bxd4 25. b4 Bb2 26. Rd1 Bxa3 27. b5
axb5 28. Bxb5 Bc5 29. Kf1 Ne3+ 30. fxe3 Rxd1+ 31. Ke2 Rb1 32. Bd3 Rb2+ 33. Kf3
f6 0-1

[Event "European Blitz 2017"]
[Site "Katowice POL"]
[Date "2017.12.15"]
[Round "7.25"]
[White "Dziuba, Marcin"]
[Black "Kyc, Jerzy"]
[Result "1-0"]
[WhiteTitle "GM"]
[WhiteElo "2584"]
[BlackElo "2265"]
[WhiteFideId "1112953"]
[BlackFideId "1163922"]
[EventDate "2017.12.15"]
[EventType "blitz"]

1. d4 Nf6 2. c4 g6 3. g3 Bg7 4. Bg2 d5 5. cxd5 Nxd5 6. Nf3 O-O 7. O-O Nc6 8. e4
Nb6 9. d5 Na5 10. Nc3 c6 11. Nd4 cxd5 12. exd5 Nac4 13. Re1 Bd7 14. Bg5 Re8 15.
b3 Nd6 16. Rc1 Rc8 17. Qd2 Nf5 18. Nxf5 Bxf5 19. h3 Rc5 20. g4 Bc8 21. d6 Rxc3
22. Rxc3 Bxc3 23. Qxc3 Qxd6 24. a4 Be6 25. a5 Nd5 26. Qd4 f6 27. Rxe6 1-0

[Event "European Blitz 2017"]
[Site "Katowice POL"]
[Date "2017.12.15"]
[Round "7.26"]
[White "Feuerstack, Aljoscha"]
[Black "Andriasian, Zaven"]
[Result "0-1"]
[WhiteTitle "IM"]
[BlackTitle "GM"]
[WhiteElo "2438"]
[BlackElo "2585"]
[WhiteFideId "4681932"]
[BlackFideId "13302000"]
[EventDate "2017.12.15"]
[EventType "blitz"]

1. e4 c5 2. c3 Nf6 3. e5 Nd5 4. Nf3 Nc6 5. Bc4 Nb6 6. Bb3 d5 7. exd6 e6 8. d4
Bxd6 9. O-O h6 10. Qe2 cxd4 11. cxd4 O-O 12. Nc3 Re8 13. Qe4 Nb4 14. Qg4 Kf8 15.
Qh5 N4d5 16. Re1 Nf6 17. Qh4 Bd7 18. Ne5 Bxe5 19. Rxe5 Bc6 20. Bxh6 gxh6 21.
Qxh6+ Ke7 22. Qg7 Nbd5 23. Rae1 Kd7 24. Nxd5 Nxd5 25. Bxd5 Bxd5 26. Qxf7+ Kc6
27. Rc1+ Kb6 28. Rc3 Rc8 29. Ree3 0-1

[Event "European Blitz 2017"]
[Site "Katowice POL"]
[Date "2017.12.15"]
[Round "7.27"]
[White "Jussupow, Artur"]
[Black "Brunello, Sabino"]
[Result "0-1"]
[WhiteTitle "GM"]
[BlackTitle "GM"]
[WhiteElo "2582"]
[BlackElo "2553"]
[WhiteFideId "4618777"]
[BlackFideId "813613"]
[EventDate "2017.12.15"]
[EventType "blitz"]

1. d4 d5 2. Nf3 Nf6 3. e3 Bf5 4. c4 c6 5. Nc3 e6 6. Bd3 Bg6 7. O-O Nbd7 8. b3
Ne4 9. Ne2 Bd6 10. Nf4 O-O 11. Nxg6 hxg6 12. Bb2 f5 13. Ne5 Nxe5 14. dxe5 Be7
15. Rc1 a5 16. f3 Nc5 17. Bb1 a4 18. b4 a3 19. Bc3 Na4 20. c5 Nxc3 21. Rxc3 b6
22. Qd3 bxc5 23. bxc5 Qa5 24. Rfc1 Rfb8 25. e4 Rb5 26. exf5 gxf5 27. g4 Bg5 28.
Rf1 Rxc5 29. Rxc5 Qxc5+ 30. Kh1 Qe3 31. gxf5 Qxd3 32. Bxd3 exf5 33. f4 Be7 34.
Bxf5 Kf7 35. Bd7 c5 36. f5 c4 37. Be6+ Kf8 38. Bxd5 Rc8 39. Rc1 c3 40. Rc2 Rc5
41. Be6 Bg5 42. Kg2 Bd2 43. Kf3 Rxe5 44. Kg4 Ke7 45. h4 Kf6 46. h5 Re4+ 47. Kg3
Ke5 48. Bc8 Rb4 49. Be6 Rb2 50. Bb3 Rb1 51. Be6 Kd4 52. f6 gxf6 53. Bf5 Rf1 54.
Bh3 Re1 55. Bf5 Re5 56. Bc8 f5 57. Ba6 f4+ 58. Kf3 Rxh5 59. Bc8 Rb5 60. Bd7 Rb7
61. Bf5 Rg7 62. Kf2 Rg3 63. Bh7 Be3+ 64. Ke2 f3+ 0-1

[Event "European Blitz 2017"]
[Site "Katowice POL"]
[Date "2017.12.15"]
[Round "7.28"]
[White "Plat, Vojtech"]
[Black "Sammalvuo, Tapani"]
[Result "1-0"]
[WhiteTitle "GM"]
[BlackTitle "IM"]
[WhiteElo "2567"]
[BlackElo "2416"]
[WhiteFideId "325740"]
[BlackFideId "501115"]
[EventDate "2017.12.15"]
[EventType "blitz"]

1. d4 Nf6 2. c4 e6 3. g3 d5 4. Bg2 Be7 5. Nf3 O-O 6. Qc2 c5 7. dxc5 Qa5+ 8. Nbd2
Qxc5 9. O-O Nc6 10. a3 dxc4 11. Qxc4 Bd7 12. Qxc5 Bxc5 13. b4 Be7 14. Bb2 Rfd8
15. Nc4 Rac8 16. Rac1 Be8 17. b5 Nb8 18. Nd4 Rc7 19. a4 Rdc8 20. Na5 Rxc1 21.
Rxc1 Rxc1+ 22. Bxc1 b6 23. Nac6 Nxc6 24. bxc6 Nd5 25. Bxd5 exd5 26. Bf4 Kf8 27.
h4 a6 28. c7 Bd7 29. Nc6 b5 30. axb5 axb5 31. Na7 b4 32. c8=Q+ Bxc8 33. Nxc8 b3
34. Bc1 Bf6 35. Ba3+ Kg8 36. Nb6 b2 37. Bxb2 Bxb2 38. Nxd5 g6 39. Kg2 h5 40. e4
Kg7 41. f4 Bd4 42. Kf3 f6 43. Nc7 Kf7 44. Nb5 Bc5 45. Nc3 Ke6 46. Nd1 Bd4 47.
Ne3 Bc5 48. f5+ Kf7 49. fxg6+ Kxg6 50. Nf5 Bb4 51. Ke3 Be1 52. Kd4 Kf7 53. Kd5
Bf2 54. Kc4 Kg6 55. Kd3 Kf7 56. Ke2 Bc5 57. Kf3 Kg6 58. Ne3 Bd6 59. Ng2 Bb4 60.
Nf4+ Kh6 61. g4 hxg4+ 62. Kxg4 Be1 63. Nd5 Ba5 64. Nxf6 Bc7 65. h5 Be5 66. Nd5
Bd4 67. Ne7 Be5 68. Nf5+ Kh7 69. Kf3 Kg8 70. Ke2 Kf7 71. Kd3 Kf6 72. Kc4 Kg5 73.
Kd5 Bh8 74. h6 Kf6 75. Kd6 Kf7 76. e5 Kg6 77. e6 Bb2 78. e7 Ba3+ 79. Ke6 Bxe7
80. Kxe7 Kh7 81. Kf6 Kh8 82. Kg6 Kg8 83. Ne3 Kh8 84. Nd5 Kg8 85. Nb6 Kh8 86. Nc4
Kg8 87. Nd6 Kh8 88. Nf7+ Kg8 89. h7+ 1-0